000 00361nam a2200133 i 4500
001 bg
100 1 _aKACZOROWSKI, M.
245 0 _aMetoda anomalnej absorpcji jako narzędzie badań mechanizmu odkształcenia... /
_cM. Kaczorowski.
260 _aWarszawa,
_c1989.
040 _cBPK
041 _apol
942 _cKS
008 s pl f |000 0 pol
999 _c29105
_d29105
856 _uhttp://koha.tu.koszalin.pl/cgi-bin/koha/opac-detail.pl?biblionumber=29105
_yKatalog online BPK